00379nam a2200145 a 4500001000500000005001700005008004100022020001800063050002200081100001600103245004100119260003700160300002300197650001300220253820140414131848.0050602s19uu xx 00 eng d a81-7826-026-3 aM 597.9bK82 2001 aKohli, K.S. aReptiles :bthings you want to know. aNew Delhi :bRohan Book,c[n.d.] a24 p. : ill. ; cm. aAnimals.